00624nam a2200217Ia 4500003000900000005001700009008004100026040001300067040001300080041000800093100003100101245001200132260002100144260000900165300000800174490001200182490000600194942001200200999001300212952018100225IT-RoPAU20220918175248.0120407s9999 xx 000 0 und d aIT-RoPAU cIT-RoPAU aita aWilliam Shakespeare935113 aMacbeth aEdizioni Paoline c1956 c cm aMaestri v6 cBK2ddc c244d244 00102ddc406808_96000000000000071aPAULUSbPAULUSd2012-04-11l0o808.96r2012-04-11 00:00:00w2012-04-11yBKzInserito da: In data: n.d. fondo: Via A.Severo 56 Progr:25215